Вып. 3; Вопросы динамики и динамической прочности

Մատենագիտական մանրամասներ
Parent link:Вопросы динамики и динамической прочности: сборник статей/ Академия наук Латвийской ССР (АН ЛатССР). Вып. 3.— , 1953-1958
Լեզու:ռուսերեն
Հրապարակվել է: 1955
Խորագրեր:
Ձևաչափ: MixedMaterials Գիրք
KOHA link:https://koha.lib.tpu.ru/cgi-bin/koha/opac-detail.pl?biblionumber=62963

MARC

LEADER 00000nam2a2200000 4500
001 62963
005 20231101212032.0
035 |a (RuTPU)RU\TPU\book\66784 
090 |a 62963 
100 |a 20040423d1955 k y0rusy50 ca 
101 0 |a rus 
102 |a lv 
105 |a a z 001zy 
200 0 |a Вып. 3 
210 |d 1955 
215 |a 123 с.  |c ил.  |e 4 л. чертежи 
320 |a Библиография в конце глав. 
461 1 |0 (RuTPU)RU\TPU\book\66780  |t Вопросы динамики и динамической прочности  |o сборник статей  |f Академия наук Латвийской ССР (АН ЛатССР)  |v Вып. 3  |d 1953-1958 
606 1 |a Прочность, теория  |2 stltpush  |3 (RuTPU)RU\TPU\subj\53055  |9 71407 
610 1 |a сталь 
610 1 |a усталостная прочность 
610 1 |a изгиб 
610 1 |a пластичность 
610 1 |a упруговязкопластические тела 
610 1 |a металлы 
610 1 |a ударные нагрузки 
610 1 |a сопротивление 
610 1 |a конструкционные материалы 
610 1 |a выносливость 
675 |a 539.4  |v 3 
801 1 |a RU  |b 63413507  |c 20040423  |g PSBO 
801 2 |a RU  |b 63413507  |c 20160418  |g PSBO 
942 |c BK